00229 2200109 4500245002000000250001100020100002500031650001600056005001900072041001400091084001400105 aSCRAPBOOKhText aCet. 1 aNabila Amelia Puitri aKarya Siswa a20250424085630 aIndonesia a081 NAB s